1534 1006 1684 1431 1950 1013 1925 1021 1529 1231 1300 1642 1683 1504 1256 1342 1246 1247 1829 1719 1888 1599 1715 1859 1347 1353 1544 1541 1613 1175 1013 1660 1868 1190 1585 1474 1641 1285 1694 1599 1232 1688 1948 1004 1274 1429 1698 1547 1997 1261 1646 1054 1810 1643 1483 1543 1195 1492 1460 1703 1678 1021 1221 1942 1305 1798 1939 1237 1191 1251 1122 1389 1025 1460 1379 1220 1294 1432 1810 1733 1576 1065 1383 1263 1183 1248 1308 1624 1519 1821 1247 1954 1282 1057 1760 1206 1320 1851 1574 BCNSPRNW ULIB Ver.6.0+V

เปลี่ยนเป็นภาษาไทย

Change to English
 แสดงรายละเอียดบรรณานุกรม
  กลับหน้าหลัก

Brief Record : Get Marc (ISO 2709) : E-mail record : QR code < ปิดหน้าต่าง
LEADER : 00000nam 2200000uu 4500
001    13399112472
003     ULIB
008    110817s2543||||th 000 0 tha d
020    9747856998
050 04 HN700.55^bศ842ร 2543
245 00 รายงานคุณภาพชีวิตของคนไทยปี 2543 จากข้อมูลความจำเป็นพื้นฐาน (จปฐ.) /^cคณะอนุกรรมการแผนพัฒนาระดับภูมิภาคและท้องถิ่น คณะกรรมการอำนวยการงานพัฒนาคุณภาพชีวิตของประชาชนในชนบท
246 31 รายงานคุณภาพชีวิตของคนไทย จากข้อมูลความจำเป็นพื้นฐาน (จปฐ.)
260    กรุงเทพฯ :^bศูนย์ข้อมูลเพื่อการพัฒนาชนบทกระทรวงมหาดไทยกรมการพัฒนาชุมชน กระทรวงมหาดไทย,^c2543
300    241 หน้า :^bภาพประกอบ ;^c30 ซม
650  7 คุณภาพชีวิต^zไทย
650  7 ความจำเป็นพื้นฐาน^zไทย
650  7 social sciences
710 2  คณะกรรมการอำนวยการงานพัฒนาคุณภาพชีวิตของประชาชนในชนบท
710 2  กระทรวงมหาดไทย.^bกรมการพัฒนาชุมชน
740 0  คุณภาพชีวิตของคนไทย ปี 2543 จากข้อมูลความจำเป็นพื้นฐาน (จปฐ.)
945    ^p0^l0^i014316
995    ทศพร
999 ^a ทศพร
รายการนี้ยังไม่มีแท็ก
คุณยังไม่ได้ล็อกอิน คุณสามารถมีกิจกรรมร่วมกับเว็บไซต์ได้ แต่ต้องล็อกอินก่อน ::
  ล็อกอิน

รายการสื่อสารสนเทศ

ลำดับที่ ประเภท เลขเรียก/บาร์โค้ด สถานที่ สถานะ
- ไม่พบข้อมูล -

รายการใกล้เคียง
    หัวเรื่อง [social sciences]

BibComment


ยังไม่เคยถูกคอมเมนท์

คอมเมนท์ทรัพยากรรายการนี้
  คอมเมนท์: รายงานคุณภาพชีวิต..


 Copyright 2026. Bcnsprnw @Library